000 00706nam a22002651a 4500
003 AR-BaBN
005 20251006095935.0
007 ta
008 050705s2004 ag |||||||||||||| ||spa
015 _aAR-2004
020 _a9870205577
040 _aAR-BaBN
_bspa
_cAR-BaBN
_eaacr
044 _aag
_car-c
080 _a617.6
100 1 _aRossetti, Hugo
245 1 0 _aOdontología latinoamericana.
250 _a1a ed.
260 _aBuenos Aires :
_bDunken,
_c2004.
300 _a224 p.
650 _aHistoria
_bOdontologia
930 1 _lBNA01
_mLIBRO
_600132229
_820110912
_f11
_h1
_n000
_o000964940
942 _2cdu
_cBK
956 _aGSL
_b00
_c20110916
_lBNA01
_h0221
956 _aGSL
_c20130614
_lBNA01
_h2255
999 _c6173
_d6173